LEADER 00917nam a2200241 i 4500 001 000000165545 003 CaOOAMICUS 005 20071019000000.0 008 071019s1961 it u000 u ita u 013 $a142913 040 $aSeMil$bita 100 1 $aMeersch, Maxence : Van der <1907-1951>.$0(OLS)http://semarc/name/15446 245 10$aCorpi e anime :$bromanzo /$cMaxence Van der Meersch. 250 $a12. Ed. 260 $aMilano :$bGarzanti,$c1961. 300 $aIX, 616 p. ;$c23 cm. 490 0 $aIl Milione : grandi scrittori stranieri 830 3$aIl Milione : grandi scrittori stranieri.$0(OLS)http://semarc/title/24310 850 $aSeMil 852 $aSeMil$W1$xVenegono$y1$m1T V 77$j246349$B116738$CSeMilBibl$Z2$F127677 $81 961 $aRecupero: Altro 996 $6245$aCorpi e anime :$bromanzo$9(OLS)http://semarc/title/236388 996 $6260$aMilano :$bGarzanti$9(OLS)http://semarc/publisher/29852 LEADER 01239nam a2200265 4500 001 000000343857 003 CaOOAMICUS 005 20210120102729.0 008 210120s2015 it 000 u ita r 020 $a978-88-308-1024-2$c1. Rist. 040 $aSeMil$bita 100 1 $aCucci, Giovanni,$c.$0(OLS)http://semarc/name/93134 245 13$aIl sapore della vita :$bla dimensione corporea dell'esperienza spirituale /$cGiovanni Cucci. 264 1$aAssisi :$bCittadella,$c2015. 300 $a126 p. ;$c19 cm 500 $aSpiritualitą del nostro tempo. Terza serie 650 4$aVita umana - Concezione cristiana.$0(OLS)http://semarc/subject/11527 650 4$aEsperienza religiosa.$0(OLS)http://semarc/subject/427 830 0$aSpiritualitą del nostro tempo. Terza serie.$0(OLS)http://semarc/title/428430 850 $aSeMil 852 $aSeMil$W1$xVenegono$y1$m2C I 466$j223598$B234915$CSeMilBibl$Z2$F234915 $81 996 $6020$a978-88-308-1024-2$c1. Rist.$9(OLS)http://semarc/number/292127 996 $6245$aIl sapore della vita :$bla dimensione corporea dell'esperienza spirituale$9(OLS)http://semarc/title/432900 996 $6264$aAssisi :$bCittadella$9(OLS)http://semarc/publisher/29661